Statistics for Germanic Languages

Click here to take the quiz!

General Stats

  • This quiz has been taken 372 times
  • The average score is 10 of 15

Answer Stats

Native SpeakersLanguage% Correct
100MGerman
100%
400MEnglish
99%
23MDutch
96%
9.2MSwedish
95%
5.5MDanish
92%
5MNorwegian
92%
300KIcelandic
85%
7.1MAfrikaans
69%
500KFrisian
58%
400KLuxembourgish
58%
70KFaroese
54%
1.5MScots
49%
1.5MYiddish
38%
6.7MLow Saxon
21%
1.3MLimburgish
17%

Score Distribution

Percentile by Number Answered

Percent of People with Each Score

Your Score History

You have not taken this quiz